Obálka
Pro půjčování e-knih musíte být přihlášeni.
Jak si půjčit online?

Nekromant Johannes Cabal /

Johannes Cabal, geniální vědec a notorický snob, je posedlý jediným cílem – oživit mrtvé. Jenže k tomu potřebuje i svou duši, kterou kdysi bez váhání prodal Satanovi výměnou za tajemství nekromancie. Aby ji získal zpět, musí přijmout ďábelskou sázku: má jeden rok na to, aby přiměl sto lidí upsat svo...

Celý popis

Uloženo v:
Hlavní autor: Howard, Jonathan L. (Autor)
Další autoři: Vondrová, Šárka (Autor)
Médium: E-audiokniha
Vydáno: Praha : Josef Kudláček, 2025
Tagy:
Žádné tagy
LEADER 02882nim a22006377i 4500
001 313628
007 sr nunnnnnnned
044 |a xr 
100 1 |a  Howard, Jonathan L.  |4 aut 
245 1 0 |a Nekromant Johannes Cabal /  |c  Howard, Jonathan L. 
264 1 |a Praha :  |b Josef Kudláček,  |c 2025 
300 |a 1 online zdroj (12 hod., 15 min., 0 sek.) 
336 |a mluvené slovo  |b spw  |2 rdacontent 
337 |a audio  |b s  |2 rdamedia 
338 |a online zdroj  |b cr  |2 rdacarrier 
505 0 0 |t Kapitola 00 (1 min., 47 sek.) 
505 0 0 |t Kapitola 00 (1 min., 47 sek.) 
505 0 0 |t Kapitola 01 (42 min., 36 sek.) 
505 0 0 |t Kapitola 02 (47 min., 26 sek.) 
505 0 0 |t Kapitola 01 (42 min., 36 sek.) 
505 0 0 |t Kapitola 02 (47 min., 26 sek.) 
505 0 0 |t Kapitola 03 (50 min., 47 sek.) 
505 0 0 |t Kapitola 03 (50 min., 47 sek.) 
505 0 0 |t Kapitola 04 (41 min., 6 sek.) 
505 0 0 |t Kapitola 05 (1 hod., 3 min., 44 sek.) 
505 0 0 |t Kapitola 04 (41 min., 6 sek.) 
505 0 0 |t Kapitola 06 (43 min., 35 sek.) 
505 0 0 |t Kapitola 05 (1 hod., 3 min., 44 sek.) 
505 0 0 |t Kapitola 06 (43 min., 35 sek.) 
505 0 0 |t Kapitola 07 (51 min., 6 sek.) 
505 0 0 |t Kapitola 07 (51 min., 6 sek.) 
505 0 0 |t Kapitola 08 (43 min., 11 sek.) 
505 0 0 |t Kapitola 09 (37 min., 35 sek.) 
505 0 0 |t Kapitola 08 (43 min., 11 sek.) 
505 0 0 |t Kapitola 09 (37 min., 35 sek.) 
505 0 0 |t Kapitola 10 (30 min., 11 sek.) 
505 0 0 |t Kapitola 10 (30 min., 11 sek.) 
505 0 0 |t Kapitola 11 (38 min., 47 sek.) 
505 0 0 |t Kapitola 12 (40 min., 59 sek.) 
505 0 0 |t Kapitola 11 (38 min., 47 sek.) 
505 0 0 |t Kapitola 12 (40 min., 59 sek.) 
505 0 0 |t Kapitola 13 (43 min., 20 sek.) 
505 0 0 |t Kapitola 14 (55 min., 26 sek.) 
505 0 0 |t Kapitola 13 (43 min., 20 sek.) 
505 0 0 |t Kapitola 15 (46 min., 21 sek.) 
505 0 0 |t Kapitola 14 (55 min., 26 sek.) 
505 0 0 |t Kapitola 16 (54 min., 19 sek.) 
505 0 0 |t Kapitola 15 (46 min., 21 sek.) 
505 0 0 |t Podekovani (1 min., 55 sek.) 
505 0 0 |t Podekovani (1 min., 55 sek.) 
520 2 |a Johannes Cabal, geniální vědec a notorický snob, je posedlý jediným cílem – oživit mrtvé. Jenže k tomu potřebuje i svou duši, kterou kdysi bez váhání prodal Satanovi výměnou za tajemství nekromancie. Aby ji získal zpět, musí přijmout ďábelskou sázku: má jeden rok na to, aby přiměl sto lidí upsat svou duši. Pokud selže, bude navždy zatracen. 
700 1 |a  Vondrová, Šárka  |4 nrt 
910 |a RBIT002 
998 |d 417856  |a https://core.palmknihy.cz/api/books/417856/cover?stbjjr  |b https://core.palmknihy.cz/api/books/417856/cover/400?stbjjr  |c https://core.palmknihy.cz/api/books/417856/cover/50?stbjjr  |e 2029-07-24  |i 9788011063504  |l 44100  |q 49  |r 1  |s https://www.palmknihy.cz/kniha/417856  |t audiobook  |y 2025  |z 1 
999 |d 313626